Sports Quiz

Random Sports or NFL Quiz

Worst Team All-Time in Major Big 4 Sports Cities Quiz Stats

 Plays Quiz not verified by Sporcle

Score 0/29 Timer 06:00
0 Plays Today
City Answer % Correct
Pittsburgh???
69.6%
Tampa/St. Petersburg???
67%
San Diego???
65.2%
Seattle???
63.4%
Kansas City???
62.5%
Baltimore???
61.2%
Cincinnati???
60.3%
Detroit???
57.6%
New Orleans???
57.1%
Los Angeles???
56.7%
Buffalo???
55.4%
Toronto???
50.9%
Miami???
50.4%
Philadelphia???
45.5%
Minneapolis/St. Paul???
44.6%
City Answer % Correct
Houston???
43.8%
Milwaukee???
41.1%
Indianapolis???
37.9%
Washington, D.C???
37.1%
Atlanta???
34.8%
Denver???
34.8%
Boston???
29.5%
Cleveland???
29%
S.F/SJ/Oakland Area???
25.4%
Dallas???
25%
St. Louis???
24.1%
New York???
22.3%
Phoenix???
18.3%
Chicago???
4.9%

You're not logged in!

Compare scores with friends on all Sporcle quizzes.
Join for Free
OR
Log In

You Might Also Like...

Show Comments

Extras

Top Quizzes Today


Score Distribution

Your Account Isn't Verified!

In order to create a playlist on Sporcle, you need to verify the email address you used during registration. Go to your Sporcle Settings to finish the process.

Report this User

Report this user for behavior that violates our Community Guidelines.

Details: